00412nam a2200145Ia 4500008004100000020001500041041001200056082001600068100001600084245009300100260004100193300000800234650000700242700001700249221030s9999 xx 000 0 und d a8185749884 aEnglish a105.23bDog aR. K. Dogra 0aAdvances in Material Science for Engineers & Technologistscby R. K. Dogra, A. K. Sharma bS.K. Kataria & SonsaNew Delhic2002 a762 aEE aA. K. Sharma